[Event "Hastings9293"]
[Site "Hastings"]
[Date "1992.??.??"]
[Round "2"]
[White "Sadler, Matthew"]
[Black "Crouch, Colin S"]
[Result "1/2-1/2"]
[WhiteElo "2515"]
[BlackElo "2425"]

1.d4 g6 2.e4 Bg7 3.c4 c5 4.d5 d6 5.Nc3 Nf6 6.f3 O-O 7.Bg5 h6 8.Be3 e6 9.Qd2 exd5
10.cxd5 h5 11.Nge2 Nbd7 12.Nc1 Ne5 13.Be2 Nh7 14.O-O f5 15.f4 Nd7 16.exf5 gxf5
17.Bxh5 b5 18.Nxb5 Nhf6 19.Bf3 Nb6 20.Ne2 Ba6 21.a4 Re8 22.Bf2 Nxa4 23.Nxd6 Qxd6
24.Rxa4 Bxe2 25.Bxe2 Ne4 26.Qd3 Rab8 27.Ra6 Qxf4 28.Rg6 Nxf2 29.Rxf2 Qd4
30.Qxf5 Rf8 31.Qe6+ Kh7 32.Bf3 Rxf3 33.Rxg7+ Kxg7 34.Qe7+ Kg6 35.Qd6+ Rf6
36.Qg3+ Kf7 37.Qc7+ Kg6 38.Qg3+  1/2-1/2

[Event "Hastings9293"]
[Site "Hastings"]
[Date "1992.??.??"]
[Round "5"]
[White "Gurevich, Ilya"]
[Black "Sadler, Matthew"]
[Result "1/2-1/2"]
[WhiteElo "2510"]
[BlackElo "2515"]

1.e4 c5 2.Nf3 d6 3.d4 cxd4 4.Nxd4 Nf6 5.Nc3 a6 6.a4 g6 7.g3 Bg7 8.Bg2 O-O
9.O-O Nc6 10.Nde2 Bd7 11.h3 Rc8 12.Be3 Na5 13.b3 b5 14.axb5 axb5 15.Ra2 Nc6
16.Qd2  1/2-1/2

[Event "Hastings9293"]
[Site "Hastings"]
[Date "1992.??.??"]
[Round "7"]
[White "Crouch, Colin S"]
[Black "Gurevich, Ilya"]
[Result "1/2-1/2"]
[WhiteElo "2425"]
[BlackElo "2510"]

1.d4 Nf6 2.c4 g6 3.Nc3 d5 4.f3 Bg7 5.e4 dxe4 6.fxe4 e5 7.d5 O-O 8.Nf3 c6
9.Be2 b5 10.dxc6 Qxd1+ 11.Bxd1 bxc4 12.Ba4 Be6 13.O-O Rc8 14.Bg5 Nxc6 15.Bxc6 Rxc6
16.Nxe5 Rc5 17.Bxf6 Bxf6 18.Rxf6 Rxe5 19.Rd1 Kf8 20.h3 Rb8 21.Rf2 Rg5 22.Kf1 Rg3
23.Rd6 Kg7 24.Rc6 Rxb2 25.Rxb2 Rxc3 26.a4 Ra3 27.Rb7 Kf6 28.Rxa7 Ke5 29.a5 Kxe4
30.a6 Bd5 31.Rc8 Ke3 32.Re7+ Be4 33.Kg1 Ra1+ 34.Kh2 Ra2 35.Rxe4+ Kxe4  1/2-1/2

[Event "Hastings9293"]
[Site "Hastings"]
[Date "1992.??.??"]
[Round "12"]
[White "Sadler, Matthew"]
[Black "Gurevich, Ilya"]
[Result "1-0"]
[WhiteElo "2515"]
[BlackElo "2510"]

1.Nf3 Nf6 2.c4 g6 3.Nc3 d5 4.cxd5 Nxd5 5.Qb3 Nb6 6.d4 Bg7 7.Bg5 h6 8.Bh4 Be6
9.Qc2 Nc6 10.Rd1 Nb4 11.Qb1 O-O 12.e3 Bf5 13.e4 Bg4 14.d5 f5 15.a3 fxe4 16.Qxe4 Bxf3
17.gxf3 g5 18.axb4 gxh4 19.Rg1 Qd6 20.Bd3 Rf7 21.Rg6 Rf6 22.Rg4 Rf7 23.Ke2 h5
24.Rg5 Qh6 25.Rg6 Qh8 26.Rdg1 Rd8 27.Qxh4 Kf8 28.Be4 Bxc3 29.bxc3 Rf6 30.Qxh5  1-0

[Event "Hastings9293"]
[Site "Hastings"]
[Date "1992.??.??"]
[Round "13"]
[White "Crouch, Colin S"]
[Black "Polugaevsky, Lev"]
[Result "1/2-1/2"]
[WhiteElo "2425"]
[BlackElo "2640"]

1.d4 Nf6 2.c4 e6 3.Nc3 Bb4 4.Qc2 O-O 5.Nf3 c5 6.dxc5 Na6 7.g3 Nxc5 8.Bg2 Nce4
9.O-O Nxc3 10.bxc3 Be7 11.Bf4 d6 12.c5 dxc5 13.c4 Nd7 14.Rab1 Qe8 15.Bc7 Bd8
16.Bd6 Be7 17.Bc7 Bd8 18.Bd6 Be7  1/2-1/2

[Event "Hastings9293"]
[Site "Hastings"]
[Date "1992.??.??"]
[Round "14"]
[White "Gurevich, Ilya"]
[Black "Crouch, Colin S"]
[Result "1-0"]
[WhiteElo "2510"]
[BlackElo "2425"]

1.e4 g6 2.d4 Bg7 3.Nc3 d6 4.Be2 Nf6 5.Nf3 O-O 6.O-O Bg4 7.h3 Bxf3 8.Bxf3 e5
9.dxe5 dxe5 10.Bg5 Qe8 11.Nd5 Nxd5 12.Qxd5 Nc6 13.c3 Kh8 14.Rfd1 f6 15.Be3 Rd8
16.Qb3 b6 17.Qc4 Rf7 18.b4 Rfd7 19.Rxd7  1-0